| 000 | 00542nam a2200169 i 4500 | ||
|---|---|---|---|
| 001 | 23608 | ||
| 003 | ES-MaACL | ||
| 005 | 20230906152913.0 | ||
| 007 | t| | ||
| 008 | 200902s1883 fr ||||1| fre d | ||
| 100 | 1 |
_aRegnaud, Paul ( _d1838-1910) _995902 |
|
| 245 | 1 | 0 |
_aExamen du mouvement vocalique dans la déclinaison des thèmes indo-européens en ae, i, r, et questions connexes / _cP. Regnaud. |
| 260 |
_aParis : _b[s.n.], _c1883. |
||
| 300 |
_a41 p. ; _ccm. |
||
| 650 | 0 | 4 |
_aLenguas indoeuropeas. _914360 |
| 852 |
_aES-MaACL _jT-373-F-12 |
||
| 999 |
_c23608 _d23608 |
||